{"text_format":"3","workbook":"xlsx","n_sheets":1,"sheets":["t71"],"read":"whole","date_system":"1900"}

{"sheet":"t71","index":0,"n_rows":191,"n_cols":7,"rows_kept":191,"merged":[[0,0,0,6],[30,0,30,5],[48,0,48,5],[155,0,155,5]]}
["TABELA 71.1 - Estatísticas Agrícolas, Município de Bernardino de Campos, Estado de São Paulo, 2007/08."]
["ITEM","UNIDADE","N.DE UPAs","MÍNIMO","MÉDIO","MÁXIMO","TOTAL"]
["Distância à sede do município","km",465,0.1,{"v":7.12,"d":"7.1"},{"v":18,"d":"18.0"},"-"]
["Área total","hectare",465,0.3,{"v":50.09,"d":"50.1"},{"v":1235.5,"d":"1,235.5"},{"v":23291.1,"d":"23,291.1"}]
["Área com cultura perene","hectare",126,0.1,{"v":8.16,"d":"8.2"},{"v":440,"d":"440.0"},{"v":1028.1,"d":"1,028.1"}]
["Área com cultura temporária","hectare",313,0.1,{"v":37.06,"d":"37.1"},{"v":575,"d":"575.0"},{"v":11600.7,"d":"11,600.7"}]
["Área com pastagem","hectare",332,0.1,{"v":23.63,"d":"23.6"},854.6,{"v":7846.4,"d":"7,846.4"}]
["Área com reflorestamento","hectare",90,0.1,{"v":5.66,"d":"5.7"},{"v":97,"d":"97.0"},509.1]
["Área com vegetação natural","hectare",274,0.1,{"v":5.72,"d":"5.7"},{"v":512,"d":"512.0"},{"v":1567,"d":"1,567.0"}]
["Área com vegetação de brejo e várzea","hectare",85,0.1,{"v":1.21,"d":"1.2"},20.5,102.9]
["Área em descanso","hectare",68,0.1,{"v":2.14,"d":"2.1"},{"v":26,"d":"26.0"},145.3]
["Área complementar","hectare",392,0.1,{"v":1.25,"d":"1.3"},{"v":60,"d":"60.0"},491.6]
["Área das UPAs com (0, 1] ha","hectare",4,0.3,{"v":0.58,"d":"0.6"},0.8,2.3]
["Área das UPAs com (1, 2] ha","hectare",43,1.2,{"v":1.91,"d":"1.9"},{"v":2,"d":"2.0"},82.1]
["Área das UPAs com (2, 5] ha","hectare",50,2.4,3.7,{"v":5,"d":"5.0"},{"v":185,"d":"185.0"}]
["Área das UPAs com (5, 10] ha","hectare",79,5.1,{"v":7.54,"d":"7.5"},9.9,{"v":596,"d":"596.0"}]
["Área das UPAs com (10, 20] ha","hectare",95,10.7,{"v":15.14,"d":"15.1"},19.9,{"v":1438.4,"d":"1,438.4"}]
["Área das UPAs com (20, 50] ha","hectare",105,20.5,{"v":31.82,"d":"31.8"},48.4,{"v":3341.3,"d":"3,341.3"}]
["Área das UPAs com (50, 100] ha","hectare",46,51.2,{"v":72.83,"d":"72.8"},99.3,{"v":3350.1,"d":"3,350.1"}]
["Área das UPAs com (100, 200] ha","hectare",22,101.6,{"v":150.75,"d":"150.8"},193.6,{"v":3316.5,"d":"3,316.5"}]
["Área das UPAs com (200, 500] ha","hectare",12,217.8,{"v":304.07,"d":"304.1"},440.5,{"v":3648.8,"d":"3,648.8"}]
["Área das UPAs com (500, 1.000] ha","hectare",7,511.8,699.3,926.8,{"v":4895.1,"d":"4,895.1"}]
["Área das UPAs com (1.000, 2.000] ha","hectare",2,{"v":1200,"d":"1,200.0"},{"v":1217.75,"d":"1,217.8"},{"v":1235.5,"d":"1,235.5"},{"v":2435.5,"d":"2,435.5"}]
["Área das UPAs com (2.000, 5.000] ha","hectare","-","-","-","-","-"]
["Área das UPAs com (5.000, 10.000] ha","hectare","-","-","-","-","-"]
["Área das UPAs acima de 10.000 ha","hectare","-","-","-","-","-"]
["Familiares do proprietário que trabalham na UPA","unidade",400,{"v":1,"d":"1.0"},{"v":1.55,"d":"1.6"},{"v":5,"d":"5.0"},{"v":620,"d":"620.0"}]
["Trabalhadores permanentes","unidade",104,{"v":1,"d":"1.0"},{"v":4.03,"d":"4.0"},{"v":112,"d":"112.0"},{"v":419,"d":"419.0"}]
["Fonte: Secretaria de Agricultura e Abastecimento, CDRS/IEA, Projeto LUPA."]
[]
["TABELA 71.2 - Explorações Animais, Município de Bernardino de Campos, Estado de São Paulo, 2007/08."]
["ITEM","UNIDADE","N.DE UPAs","MÍNIMO","MÉDIO","MÁXIMO","TOTAL"]
["Apicultura","colmeias",1,{"v":60,"d":"60.0"},{"v":60,"d":"60.0"},{"v":60,"d":"60.0"},{"v":60,"d":"60.0"}]
["Asininos E Muares","cabeças",42,{"v":1,"d":"1.0"},1.5,{"v":5,"d":"5.0"},{"v":63,"d":"63.0"}]
["Avestruzes e Ema (Criadouro)","cabeças",1,{"v":3,"d":"3.0"},{"v":3,"d":"3.0"},{"v":3,"d":"3.0"},{"v":3,"d":"3.0"}]
["Avicultura de Corte","cabeças/ano",21,{"v":5,"d":"5.0"},{"v":23.19,"d":"23.2"},{"v":55,"d":"55.0"},{"v":487,"d":"487.0"}]
["Avicultura Ornamental/Decorativa/Exótica","cabeças",6,{"v":4,"d":"4.0"},{"v":20,"d":"20.0"},{"v":45,"d":"45.0"},{"v":120,"d":"120.0"}]
["Avicultura para Ovos","cabeças",45,{"v":6,"d":"6.0"},{"v":25.38,"d":"25.4"},{"v":60,"d":"60.0"},{"v":1142,"d":"1,142.0"}]
["Bovinocultura de Corte","cabeças",101,{"v":1,"d":"1.0"},{"v":90.75,"d":"90.8"},{"v":1380,"d":"1,380.0"},{"v":9166,"d":"9,166.0"}]
["Bovinocultura Leiteira","cabeças",51,{"v":1,"d":"1.0"},{"v":33.22,"d":"33.2"},{"v":386,"d":"386.0"},{"v":1694,"d":"1,694.0"}]
["Bovinocultura Mista","cabeças",110,{"v":1,"d":"1.0"},{"v":25.17,"d":"25.2"},{"v":1000,"d":"1,000.0"},{"v":2769,"d":"2,769.0"}]
["Caprinocultura","cabeças",6,{"v":2,"d":"2.0"},{"v":34.17,"d":"34.2"},{"v":180,"d":"180.0"},{"v":205,"d":"205.0"}]
["Equinocultura","cabeças",161,{"v":1,"d":"1.0"},2.7,{"v":32,"d":"32.0"},{"v":435,"d":"435.0"}]
["Ovinocultura","cabeças",23,{"v":1,"d":"1.0"},{"v":23.74,"d":"23.7"},{"v":152,"d":"152.0"},{"v":546,"d":"546.0"}]
["Piscicultura","m² tanques",3,{"v":1,"d":"1.0"},{"v":7067,"d":"7,067.0"},{"v":20000,"d":"20,000.0"},{"v":21201,"d":"21,201.0"}]
["Suinocultura","cabeças",60,{"v":1,"d":"1.0"},{"v":47,"d":"47.0"},{"v":1500,"d":"1,500.0"},{"v":2820,"d":"2,820.0"}]
["Fonte: Secretaria de Agricultura e Abastecimento, CDRS/IEA, Projeto LUPA."]
[]
["TABELA 71.3 -  Máquinas, Implementos e Benfeitorias, Município de Bernardino de Campos, Estado de São Paulo, 2007/08."]
["ITEM","UNIDADE","N.DE UPAs","MÍNIMO","MÉDIO","MÁXIMO","TOTAL"]
["Arado Comum (Bacia, Aiveca)","Unidade",100,{"v":1,"d":"1.0"},{"v":1.22,"d":"1.2"},{"v":5,"d":"5.0"},{"v":122,"d":"122.0"}]
["Arado Escarificador","Unidade",3,{"v":1,"d":"1.0"},{"v":1,"d":"1.0"},{"v":1,"d":"1.0"},{"v":3,"d":"3.0"}]
["Arado Subsolador","Unidade",20,{"v":1,"d":"1.0"},1.6,{"v":10,"d":"10.0"},{"v":32,"d":"32.0"}]
["Batedeira de Cereais","Unidade",4,{"v":1,"d":"1.0"},1.5,{"v":2,"d":"2.0"},{"v":6,"d":"6.0"}]
["Carregadeira de Cana","Unidade",2,{"v":3,"d":"3.0"},{"v":3,"d":"3.0"},{"v":3,"d":"3.0"},{"v":6,"d":"6.0"}]
["Colhedeira Acoplada","Unidade",4,{"v":1,"d":"1.0"},{"v":1,"d":"1.0"},{"v":1,"d":"1.0"},{"v":4,"d":"4.0"}]
["Colhedeira Automotriz","Unidade",11,{"v":1,"d":"1.0"},{"v":1.27,"d":"1.3"},{"v":2,"d":"2.0"},{"v":14,"d":"14.0"}]
["Computador","Unidade",6,{"v":1,"d":"1.0"},{"v":1.67,"d":"1.7"},{"v":3,"d":"3.0"},{"v":10,"d":"10.0"}]
["Conj.Irrigação Convencional","Unidade",2,{"v":1,"d":"1.0"},{"v":1,"d":"1.0"},{"v":1,"d":"1.0"},{"v":2,"d":"2.0"}]
["Conj.Irrigação Pivot Central","Unidade",4,{"v":3,"d":"3.0"},3.5,{"v":4,"d":"4.0"},{"v":14,"d":"14.0"}]
["Conj.Irrigação/Gotejamento/Microaspersão","Unidade",15,{"v":1,"d":"1.0"},{"v":2.93,"d":"2.9"},{"v":9,"d":"9.0"},{"v":44,"d":"44.0"}]
["Conjunto de Fenação","Unidade",1,{"v":1,"d":"1.0"},{"v":1,"d":"1.0"},{"v":1,"d":"1.0"},{"v":1,"d":"1.0"}]
["Desintegrador de Palha (Plantio Direto)","Unidade",3,{"v":1,"d":"1.0"},{"v":1,"d":"1.0"},{"v":1,"d":"1.0"},{"v":3,"d":"3.0"}]
["Desintegrador, Picador, Triturador","Unidade",84,{"v":1,"d":"1.0"},{"v":1.06,"d":"1.1"},{"v":3,"d":"3.0"},{"v":89,"d":"89.0"}]
["Distribuidor de Calcário","Unidade",25,{"v":1,"d":"1.0"},{"v":1.24,"d":"1.2"},{"v":2,"d":"2.0"},{"v":31,"d":"31.0"}]
["Ensiladeira","Unidade",31,{"v":1,"d":"1.0"},{"v":1.23,"d":"1.2"},{"v":6,"d":"6.0"},{"v":38,"d":"38.0"}]
["Grade Aradora (Tipo Romi)","Unidade",78,{"v":1,"d":"1.0"},{"v":1.33,"d":"1.3"},{"v":6,"d":"6.0"},{"v":104,"d":"104.0"}]
["Grade Niveladora","Unidade",89,{"v":1,"d":"1.0"},{"v":1.22,"d":"1.2"},{"v":4,"d":"4.0"},{"v":109,"d":"109.0"}]
["Implementos para Tração Animal","Unidade",24,{"v":1,"d":"1.0"},{"v":2.38,"d":"2.4"},{"v":6,"d":"6.0"},{"v":57,"d":"57.0"}]
["Microtrator","Unidade",4,{"v":1,"d":"1.0"},{"v":1,"d":"1.0"},{"v":1,"d":"1.0"},{"v":4,"d":"4.0"}]
["Misturador de Ração","Unidade",7,{"v":1,"d":"1.0"},{"v":1,"d":"1.0"},{"v":1,"d":"1.0"},{"v":7,"d":"7.0"}]
["Ordenhadeira Mecânica","Unidade",12,{"v":1,"d":"1.0"},{"v":1,"d":"1.0"},{"v":1,"d":"1.0"},{"v":12,"d":"12.0"}]
["Pulverizador Tratorizado","Unidade",50,{"v":1,"d":"1.0"},{"v":1.56,"d":"1.6"},{"v":18,"d":"18.0"},{"v":78,"d":"78.0"}]
["Resfriador de Leite, Tanque Expansão","Unidade",3,{"v":1,"d":"1.0"},{"v":1,"d":"1.0"},{"v":1,"d":"1.0"},{"v":3,"d":"3.0"}]
["Roçadeira Costal","Unidade",3,{"v":1,"d":"1.0"},{"v":1,"d":"1.0"},{"v":1,"d":"1.0"},{"v":3,"d":"3.0"}]
["Roçadeira Tratorizada","Unidade",13,{"v":1,"d":"1.0"},{"v":1.08,"d":"1.1"},{"v":2,"d":"2.0"},{"v":14,"d":"14.0"}]
["Semeadeira/Adubadeira para Plantio Convencional","Unidade",25,{"v":1,"d":"1.0"},{"v":1.16,"d":"1.2"},{"v":3,"d":"3.0"},{"v":29,"d":"29.0"}]
["Semeadeira/Plantadeira Plantio Direto","Unidade",8,{"v":1,"d":"1.0"},{"v":1.38,"d":"1.4"},{"v":3,"d":"3.0"},{"v":11,"d":"11.0"}]
["Terraceador","Unidade",6,{"v":1,"d":"1.0"},{"v":1.33,"d":"1.3"},{"v":2,"d":"2.0"},{"v":8,"d":"8.0"}]
["Trator de Esteiras","Unidade",5,{"v":1,"d":"1.0"},{"v":1,"d":"1.0"},{"v":1,"d":"1.0"},{"v":5,"d":"5.0"}]
["Trator de Pneus","Unidade",133,{"v":1,"d":"1.0"},{"v":1.98,"d":"2.0"},{"v":15,"d":"15.0"},{"v":263,"d":"263.0"}]
["Açude/Represa","Unidade",44,{"v":1,"d":"1.0"},{"v":2.09,"d":"2.1"},{"v":12,"d":"12.0"},{"v":92,"d":"92.0"}]
["Alambique","Unidade",1,{"v":1,"d":"1.0"},{"v":1,"d":"1.0"},{"v":1,"d":"1.0"},{"v":1,"d":"1.0"}]
["Almoxarifado/Oficina","Unidade",7,{"v":1,"d":"1.0"},{"v":1,"d":"1.0"},{"v":1,"d":"1.0"},{"v":7,"d":"7.0"}]
["Armazém para Grãos Ensacados","Sacas",2,{"v":1,"d":"1.0"},1.5,{"v":2,"d":"2.0"},{"v":3,"d":"3.0"}]
["Balança para Bovinos","Unidade",4,{"v":1,"d":"1.0"},{"v":1,"d":"1.0"},{"v":1,"d":"1.0"},{"v":4,"d":"4.0"}]
["Balança para Veículos","Unidade",1,{"v":1,"d":"1.0"},{"v":1,"d":"1.0"},{"v":1,"d":"1.0"},{"v":1,"d":"1.0"}]
["Barracão para Granja/Avicultura","Unidade",1,{"v":1,"d":"1.0"},{"v":1,"d":"1.0"},{"v":1,"d":"1.0"},{"v":1,"d":"1.0"}]
["Barracão/Galpão/Garagem","Unidade",222,{"v":1,"d":"1.0"},{"v":1.29,"d":"1.3"},{"v":6,"d":"6.0"},{"v":286,"d":"286.0"}]
["Casa de Moradia Habitada","Unidade",242,{"v":1,"d":"1.0"},{"v":1.75,"d":"1.8"},{"v":47,"d":"47.0"},{"v":423,"d":"423.0"}]
["Casa de Moradia Total","Unidade",323,{"v":1,"d":"1.0"},{"v":1.85,"d":"1.9"},{"v":47,"d":"47.0"},{"v":598,"d":"598.0"}]
["Curral/Mangueira","Unidade",173,{"v":1,"d":"1.0"},{"v":1.07,"d":"1.1"},{"v":7,"d":"7.0"},{"v":185,"d":"185.0"}]
["Depósito/Tulha","Unidade",159,{"v":1,"d":"1.0"},{"v":1.16,"d":"1.2"},{"v":6,"d":"6.0"},{"v":184,"d":"184.0"}]
["Estábulo","Unidade",9,{"v":1,"d":"1.0"},{"v":1,"d":"1.0"},{"v":1,"d":"1.0"},{"v":9,"d":"9.0"}]
["Estufa/Plasticultura","m²",43,{"v":1,"d":"1.0"},{"v":2312.67,"d":"2,312.7"},{"v":10000,"d":"10,000.0"},{"v":99444.6,"d":"99,444.6"}]
["Fábrica de Farinha","Unidade",1,{"v":1,"d":"1.0"},{"v":1,"d":"1.0"},{"v":1,"d":"1.0"},{"v":1,"d":"1.0"}]
["Instalações para Equinos","Unidade",1,{"v":1,"d":"1.0"},{"v":1,"d":"1.0"},{"v":1,"d":"1.0"},{"v":1,"d":"1.0"}]
["Máquina de Benefício","Unidade",4,{"v":1,"d":"1.0"},{"v":1,"d":"1.0"},{"v":1,"d":"1.0"},{"v":4,"d":"4.0"}]
["Pocilga","Unidade",29,{"v":1,"d":"1.0"},{"v":1.28,"d":"1.3"},{"v":6,"d":"6.0"},{"v":37,"d":"37.0"}]
["Poço Semi-Artesiano","Unidade",24,{"v":1,"d":"1.0"},{"v":1.04,"d":"1.0"},{"v":2,"d":"2.0"},{"v":25,"d":"25.0"}]
["Secador de Grãos","Unidade",6,{"v":1,"d":"1.0"},{"v":2,"d":"2.0"},{"v":4,"d":"4.0"},{"v":12,"d":"12.0"}]
["Silo para Grãos","t",3,{"v":1,"d":"1.0"},{"v":34,"d":"34.0"},{"v":100,"d":"100.0"},{"v":102,"d":"102.0"}]
["Silo para Silagem","t",6,{"v":100,"d":"100.0"},{"v":508.33,"d":"508.3"},{"v":1000,"d":"1,000.0"},{"v":3050,"d":"3,050.0"}]
["Terreiro","m²",77,{"v":1,"d":"1.0"},{"v":651.51,"d":"651.5"},{"v":24000,"d":"24,000.0"},{"v":50166,"d":"50,166.0"}]
["Fonte: Secretaria de Agricultura e Abastecimento, CDRS/IEA, Projeto LUPA."]
[]
["TABELA 71.4 - Outras Estatísticas Agrícolas, Município de Bernardino de Campos, Estado de São Paulo, 2007/08."]
["ITEM","Número de UPAs",null,"Percentual"]
["Faz Parte de Associação de Produtores",67,null,{"v":14.377682403433477,"d":"14.4"}]
["Faz Parte de Cooperativa de Produtores",63,null,{"v":13.51931330472103,"d":"13.5"}]
["Faz Parte do Sindicato de Produtores",130,null,{"v":27.896995708154503,"d":"27.9"}]
["Não utiliza assistência técnica ",149,null,{"v":31.974248927038627,"d":"32.0"}]
["Utiliza somente assistência técnica governamental ",203,null,{"v":43.562231759656655,"d":"43.6"}]
["Utiliza somente assistência técnica privada ",21,null,{"v":4.506437768240343,"d":"4.5"}]
["Utiliza assistência técnica tanto governamental quanto privada",92,null,{"v":19.742489270386265,"d":"19.7"}]
["Utiliza Crédito Rural",68,null,{"v":14.592274678111588,"d":"14.6"}]
["Utiliza Seguro Rural",12,null,{"v":2.575107296137339,"d":"2.6"}]
["Utiliza Escrituração Agrícola",275,null,{"v":59.012875536480685,"d":"59.0"}]
["Acessa Internet p/ Fins na Agropecuária",31,null,{"v":6.65236051502146,"d":"6.7"}]
["Utiliza Computador nas Atividades Agropecuárias",29,null,{"v":6.223175965665236,"d":"6.2"}]
["Utiliza Energia Elétrica Para Uso na Atividade Agrícola",346,null,{"v":74.2489270386266,"d":"74.2"}]
["Realiza Análise de Solo, quando necessário",166,null,{"v":35.622317596566525,"d":"35.6"}]
["Utiliza Práticas de Conservação de Solo, quando necessário",370,null,{"v":79.39914163090128,"d":"79.4"}]
["Faz Adubação Mineral, quando necessário",323,null,{"v":69.31330472103005,"d":"69.3"}]
["Faz Adubação Orgânica, quando necessário",92,null,{"v":19.742489270386265,"d":"19.7"}]
["Faz Adubação Verde, quando necessário",28,null,{"v":6.008583690987125,"d":"6.0"}]
["Utiliza Manejo Integrado de Pragas (MIP)",82,null,{"v":17.596566523605148,"d":"17.6"}]
["Utiliza Hidroponia",1,null,{"v":0.2145922746781116,"d":"0.2"}]
["Utiliza Plasticultura",50,null,{"v":10.729613733905579,"d":"10.7"}]
["Utiliza Mudas Fiscalizadas",68,null,{"v":14.592274678111588,"d":"14.6"}]
["Utiliza Semente Melhorada",136,null,{"v":29.184549356223176,"d":"29.2"}]
["Faz Confinamento de Bovinos",8,null,{"v":1.7167381974248928,"d":"1.7"}]
["Utiliza Pastejo Intensivo",48,null,{"v":10.300429184549357,"d":"10.3"}]
["Faz Inseminação Artificial",15,null,{"v":3.2188841201716736,"d":"3.2"}]
["Faz Mineralização do Rebanho",211,null,{"v":45.27896995708154,"d":"45.3"}]
["Faz Vermifugação do Rebanho",209,null,{"v":44.84978540772532,"d":"44.8"}]
["Possui Parceiros /Arrendatários na Exploração Animal",47,null,{"v":10.085836909871245,"d":"10.1"}]
["Esporte e lazer",1,null,{"v":0.2145922746781116,"d":"0.2"}]
["Extração mineral","-",null,"-"]
["Hotel Fazenda, Pousada ou SPA","-",null,"-"]
["Pesque-pague",2,null,{"v":0.4291845493562232,"d":"0.4"}]
["Restaurante ou Lanchonete",2,null,{"v":0.4291845493562232,"d":"0.4"}]
["Transformação artesanal","-",null,"-"]
["Turismo rural ou ecoturismo","-",null,"-"]
["Outras atividades econômicas rurais",2,null,{"v":0.4291845493562232,"d":"0.4"}]
["Agroindústria",3,null,{"v":0.6437768240343348,"d":"0.6"}]
["Proprietário sem instrução ou com instrução incompleta",18,null,{"v":3.862660944206009,"d":"3.9"}]
["Proprietário com antigo primário completo",224,null,{"v":48.06866952789699,"d":"48.1"}]
["Proprietário com 1° grau (ou antigo ginasial) completo",55,null,{"v":11.802575107296136,"d":"11.8"}]
["Proprietário com 2° grau (ou antigo colegial) completo",73,null,{"v":15.665236051502145,"d":"15.7"}]
["Proprietário com curso superior completo ",90,null,{"v":19.313304721030043,"d":"19.3"}]
["Pessoa Jurídica",5,null,{"v":1.072961373390558,"d":"1.1"}]
["Proprietário residente na própria UPA ",91,null,{"v":19.527896995708154,"d":"19.5"}]
["Fonte: Secretaria de Agricultura e Abastecimento, CDRS/IEA, Projeto LUPA."]
[]
["TABELA 71.5 - Área Cultivada, Município de Bernardino de Campos, Estado de São Paulo, 2007/08."]
["CULTURA","N.DE UPAs","MÍNIMO","MÉDIO","MÁXIMO","TOTAL"]
["Cana-de-acucar",149,0.1,{"v":52.94,"d":"52.9"},{"v":422,"d":"422.0"},{"v":7887.7,"d":"7,887.7"}]
["Braquiaria",308,0.1,{"v":23.42,"d":"23.4"},630.4,{"v":7213.3,"d":"7,213.3"}]
["Milho",153,0.1,13.7,{"v":189,"d":"189.0"},{"v":2095.5,"d":"2,095.5"}]
["Soja",23,4.5,{"v":55.07,"d":"55.1"},256.5,{"v":1266.5,"d":"1,266.5"}]
["Cafe",86,0.1,{"v":7.82,"d":"7.8"},{"v":120,"d":"120.0"},672.7]
["Eucalipto",90,0.1,{"v":5.66,"d":"5.7"},{"v":97,"d":"97.0"},509.1]
["Coloniao",12,{"v":1,"d":"1.0"},22.9,{"v":200,"d":"200.0"},274.8]
["Seringueira",1,{"v":230,"d":"230.0"},{"v":230,"d":"230.0"},{"v":230,"d":"230.0"},{"v":230,"d":"230.0"}]
["Pupunha",2,{"v":97,"d":"97.0"},108.5,{"v":120,"d":"120.0"},{"v":217,"d":"217.0"}]
["Gramas",24,0.7,{"v":6.95,"d":"7.0"},48.4,166.8]
["Capim-jaragua",5,1.6,{"v":18.72,"d":"18.7"},{"v":38,"d":"38.0"},93.6]
["Abacate",1,{"v":90,"d":"90.0"},{"v":90,"d":"90.0"},{"v":90,"d":"90.0"},{"v":90,"d":"90.0"}]
["Feijao",6,0.2,{"v":9.95,"d":"10.0"},42.9,59.7]
["Capim-napier (ou capim-elefante)",16,0.1,{"v":3.13,"d":"3.1"},24.2,{"v":50,"d":"50.0"}]
["Batata-inglesa (ou batata, ou batatinha)",1,48.4,48.4,48.4,48.4]
["Alfafa",21,0.3,{"v":2.28,"d":"2.3"},4.8,47.9]
["Pomar domestico",57,0.1,{"v":0.37,"d":"0.4"},{"v":1,"d":"1.0"},20.9]
["Milho-silagem",3,2.4,{"v":5.73,"d":"5.7"},{"v":10,"d":"10.0"},17.2]
["Laranja",3,0.1,4.6,{"v":13,"d":"13.0"},13.8]
["Pimentao",41,0.1,0.3,1.5,12.1]
["Horta domestica",9,0.1,{"v":0.27,"d":"0.3"},0.6,2.4]
["Melancia",1,{"v":2,"d":"2.0"},{"v":2,"d":"2.0"},{"v":2,"d":"2.0"},{"v":2,"d":"2.0"}]
["Pepino",12,0.1,{"v":0.17,"d":"0.2"},0.4,{"v":2,"d":"2.0"}]
["Mandioca",2,0.6,0.8,{"v":1,"d":"1.0"},1.6]
["Tomate envarado",9,0.1,{"v":0.13,"d":"0.1"},0.2,1.2]
["Arroz",1,{"v":1,"d":"1.0"},{"v":1,"d":"1.0"},{"v":1,"d":"1.0"},{"v":1,"d":"1.0"}]
["Manga",1,0.7,0.7,0.7,0.7]
["Maracuja",1,0.5,0.5,0.5,0.5]
["Outras olericolas",1,0.5,0.5,0.5,0.5]
["Abacaxi (ou ananas)",2,0.1,0.2,0.3,0.4]
["Repolho",1,0.4,0.4,0.4,0.4]
["Alface",2,0.1,{"v":0.15,"d":"0.2"},0.2,0.3]
["Melao",1,0.2,0.2,0.2,0.2]
["Fonte: Secretaria de Agricultura e Abastecimento, CDRS/IEA, Projeto LUPA."]